| 000 | 00473nam a2200145 i 4500 | ||
|---|---|---|---|
| 001 | 82486 | ||
| 003 | ES-MaACL | ||
| 005 | 20230906174700.0 | ||
| 007 | t| | ||
| 008 | 041110s1921 sp ||||1| spa d | ||
| 245 | 0 | 0 | _aInforme que emite la Cámara Agrícola Provincial de Córdoba y eleva a la Comisión Parlamentaria del Proyecto de reforma agraria. |
| 260 |
_aCórdoba : _b[s.n.], _c1921 ( _fImp. La Puritana) |
||
| 300 |
_a12 p. ; _c21 cm. |
||
| 852 |
_aES-MaACL _j1751-F-14 |
||
| 999 |
_c82486 _d82486 |
||